000 00683nam a2200205Ia 4500
003 GCL
005 20240530095250.0
008 140319s9999 xx 000 0 ara d
040 _aGCL /
_cGCL
082 0 4 _a962.02
_bق/ل ك
100 1 _aلورنس، هنرى
245 1 0 _aكليبر فى مصر :
_bالمواجهة الدرامية مع بونابرت /
_cلورنس، هنرى
250 _aالاولى
260 _aالقاهرة :
_bدار شرقيات للنشر ،
_c1999
300 _a146 ص ؛
_c10 سم
650 0 4 _aكليبر
650 0 4 _aمصر - تاريخ - الحملة الفرنسية (1798-1801م)
650 0 4 _aحملة الشام
942 _2ddc
_cBK
999 _c5593
_d5593